| 000 | 00553nam a22001937a 4500 | ||
|---|---|---|---|
| 003 | BD-DhJNU | ||
| 005 | 20250225070226.0 | ||
| 008 | 250225b |||||||| |||| 00| 0 eng d | ||
| 020 | _a8122901743 | ||
| 040 |
_aBD-DhJNU _bENG _cBD-DhJNU _dBD-DhJNU |
||
| 082 |
_223 _a070.449796 |
||
| 100 | _aFink, Conrad C. | ||
| 245 |
_aSports writing : _bthe lively game / _cConrad C. Fink |
||
| 260 |
_aNew Delhi : _bSurjeet Publications, _c2004. |
||
| 300 |
_axii, 304 p. : _bill. ; _c26 cm. |
||
| 504 | _aincludes index | ||
| 650 | _aJournalism | ||
| 942 |
_2ddc _cBK _n0 |
||
| 999 |
_c1392 _d1392 |
||